Assia (Record no. 147202)

MARC details
000 -LEADER
campo de control de longitud fija 00725nam a2200217 i 4500
001 - NÚMERO DE CONTROL
campo de control 147202
003 - IDENTIFICADOR DE NÚMERO DE CONTROL
campo de control ES-MaACL
005 - FECHA Y HORA DE LA ÚLTIMA TRANSACCIÓN
campo de control 20240524063000.0
007 - CAMPO FIJO DE DESCRIPCIÓN FÍSICA--INFORMACIÓN GENERAL
campo de control de longitud fija t|
008 - DATOS DE LONGITUD FIJA--INFORMACIÓN GENERAL
campo de control de longitud fija 070924s1930 fr ||||1| fre d
100 1# - ENTRADA PRINCIPAL--NOMBRE DE PERSONA
Nombre de persona Turguenev, Ivan Sergueevich,
Fechas asociadas al nombre 1818-1883
9 (RLIN) 133416
245 10 - MENCIÓN DEL TÍTULO
Título Assia
Resto del título = Ac? /
Mención de responsabilidad, etc. Ivan Tourgueniev ; texte russe integral avec en regard la traduction française de M. Prokhnitskaia.
260 ## - PUBLICACIÓN, DISTRIBUCIÓN, ETC.
Lugar de publicación, distribución, etc. Paris :
Nombre del editor, distribuidor, etc. Payot,
Fecha de publicación, distribución, etc. 1930.
300 ## - DESCRIPCIÓN FÍSICA
Extensión 193 p. ;
Dimensiones 13 cm.
490 1# - MENCIÓN DE SERIE
Mención de serie Collection des deux textes
500 ## - NOTA GENERAL
Nota general Texto en ruso y francés.
700 1# - ENTRADA AGREGADA--NOMBRE PERSONAL
Nombre de persona Prokhnistskaia, M.
9 (RLIN) 94024
830 0# - PUNTO DE ACCESO ADICIONAL DE SERIE-TÍTULO UNIFORME
Título uniforme Collection des deux textes
9 (RLIN) 182593
852 ## - LOCALIZACIÓN
Ubicación ES-MaACL
Número de control de estantería A-2253
Holdings
Estatus retirado Estado de pérdida Estado de daño No para préstamo Biblioteca de origen Biblioteca actual Ubicación en estantería Fecha de adquisición Fuente de adquisición Total de préstamos Signatura topográfica completa Código de barras Visto por última vez Precio de reemplazo Tipo de ítem Koha
        Biblioteca del Ateneo de Madrid Biblioteca del Ateneo de Madrid Sala Pecera Planta 1 17/01/2008     A-2253 1153619 23/02/2023 23/02/2023 Libro impreso